01106nam a2200253 a 450000100100000000500170001000800410002702000150006804000250008308200200010810000260012824500680015426000450022230000210026750000770028859000270036565000400039265000310043265100930046391000370055695201240059395201180071799900170083500002590420240412074252.0110224s2003 dr 000 0 spa d a9993422452 aDO-SdBNPbspacBNPHU aRD863.44bM181p1 aMadera, José91242210aPasado pesado :bel genoma de la corrupción /cJosé Madera. aSanto Domingo :bEl nuevo Diario,c2003. a222 p. ;c22 cm. aIncluye datos biográficos del autor en la solapa de la contracubierta. aInventariado, 2020 /LP 0aNovela histórica dominicana.9860 0aLiteratura dominicana.967 4aRepública DominicanaxHistoriayGOBIERNO COLONIAL ESPAÑOL, 1511-11795xNovela952760 aValidado. Control de calidad EMS 0011718PDaPDbPDcMId2011-02-24iLF1l0oRD863.44 M181pp25904-20r2020-06-25te. 2w2020-06-25yLFPDZNo se presta 0010718PDaPDbPDcHDd2011-02-24iLF1l0oRD863.44 M181pp25904-10r2020-06-25w2020-06-25yLFPDZNo se presta c25396d25396